PAINTING & decorating : construction workbook series: aligned to the national occupational standards level 1 & 2
Guardat en:
| Format: | Llibre |
|---|---|
| Idioma: | anglès |
| Publicat: |
Cengage Learning
2012.
|
| Etiquetes: |
Afegir etiqueta
Sense etiquetes, Sigues el primer a etiquetar aquest registre!
|
MARC
| LEADER | 00000nam a22000007a 4500 | ||
|---|---|---|---|
| 008 | 211216b ||||| |||| 00| 0 eng d | ||
| 020 | |a 978-1-4080-4188-8 | ||
| 245 | |a PAINTING & decorating |b : construction workbook series: aligned to the national occupational standards level 1 & 2 |c Lucy Arthy |e Construction series |g xv, 176 p.; ill. | ||
| 260 | |b Cengage Learning |c 2012. |h Hampshire |i 691353 - EDM |i 691354 |l TT320 .P16 |m House painting - Workbook series. |m Interior decoration. |m Arthy, Lucy. | ||
| 500 | |a “It includes index”. | ||
| 942 | |a lcc |c BK |e Ifatola, J.O |f 16/12/2021 | ||
| 952 | |0 0 |1 0 |2 lcc |4 0 |6 TT0320 P16 |7 0 |9 3984 |a EDM |b HOL |c QZ |d 2021-12-16 |l 0 |o TT320 .P16 |p 2021-67708 |r 2021-12-16 00:00:00 |t 691353 - EDM |w 2021-12-16 |y BK | ||
| 952 | |0 0 |1 0 |2 lcc |4 0 |6 TT0320 P16 |7 0 |9 3985 |a HOL |b HOL |c QZ |d 2021-12-16 |l 0 |o TT320 .P16 |p 2021-67709 |r 2021-12-16 00:00:00 |t 691354 |w 2021-12-16 |y BK | ||
| 999 | |c 1998 |d 1998 | ||